Countries by Number of Biosphere Reserves - Statistics

General Stats
  • This quiz has been taken 39 times
  • The average score is 16 of 22
Answer Stats
# of reserves Country % Correct
29 United States
100%
9 Australia
89%
18 Canada
89%
34 China
86%
16 Germany
86%
11 India
86%
45 Russia
86%
9 Japan
83%
14 France
81%
17 Italy
81%
10 South Africa
81%
49 Spain
81%
14 Indonesia
78%
42 Mexico
75%
15 Argentina
72%
13 Iran
61%
10 Chile
58%
11 Portugal
56%
10 Poland
53%
9 Vietnam
53%
10 Kazakhstan
44%
10 Bulgaria
6%
No matching quizzes found
Score Distribution
Percent of People with Each Score
Percentile by Number Answered
Your Score History
You have not taken this quiz